| 000 | 00318nam a22001097a 4500 | ||
|---|---|---|---|
| 082 | _aCP54 | ||
| 100 |
_aMaj S Zamir Ul Hassan _950923 |
||
| 245 |
_aStructural Analysis II _bCE-307 Course Pack _cMaj S Zamir Ul Hassan |
||
| 260 |
_aRisalpur, _bMCE, _c2016. |
||
| 526 |
_a0 _b0 _c0 _dCP_000000000000000_54 |
||
| 942 |
_2ddc _cBKB |
||
| 999 |
_c553678 _d553678 |
||